00269nam a22001097a 4500020001800000082001200018100001800030245004500048260002200093300000900115650003500124 a9780070588950 a543 GOR aGordus,Adon.R aSchaum's Outline of Analytical Chemistry aIndiabTatac2006 a242p achemistry,analytical chemistry